| 000 | 00868cam a2200241 a 4500 | ||
|---|---|---|---|
| 001 | 63 | ||
| 003 | BR-CuiBMT | ||
| 005 | 20231114233706.0 | ||
| 008 | 230809s2021 mgb 000 0 por d | ||
| 020 | _a9786555183092 | ||
| 040 |
_aBR-CuiBMT _cBR-CuiBMT |
||
| 080 |
_22007 _a342.9 _x(81) |
||
| 090 |
_a342.9(81) _bC314n |
||
| 100 | 1 | _aCarreiro, Genilson Rodrigues | |
| 245 | 1 | 3 |
_aOs novos mecanismos de controle da discricionariedade judicial da lei de introdução às normas do direito brasileiro / _cGenilson Rodrigues Carreiro ; prefácio Silvio Luís Ferreira da Rocha. |
| 260 |
_aBelo Horizonte : _bFórum, _c2021. |
||
| 300 |
_a318 p. ; _c22 cm |
||
| 504 | _aInclui bibliografia. | ||
| 650 |
_aDireito administrativo _xControle |
||
| 650 |
_aDireito constitucional _zBrasil |
||
| 650 |
_aGestão pública _xPráticas jurídicas e administrativas |
||
| 942 |
_2udc _cLV |
||
| 999 |
_c63 _d63 |
||